000 01112nam 22002413 4500
001 197975
021 _aPT
_b23627/88 (vol. 1)
021 _aPT
_b23628/88 (vol. 2)
021 _aPT
_b23629/88 (vol. 3)
021 _aPT
_b23630/88 (vol. 4)
090 _a197975
100 _a20250919d u||y0pory50 ba
200 _aGrande dicionário português-francês / francês-português
_fDomingos de Azevedo
_gprefácios de Paul Teyssier, Vitorino Nemésio
210 _aLisboa
_cLiarte
_dD. L. 1988
215 _a4 vols.
_cencadernado
_d26 cm
300 _aidiomas português e francês
327 _avol. 1: Dicionário de Português-Francês (A- F). - [6], 696 [1] p. vol. 2: Dicionário de Português-Francês (G-Z). - [3], 696 a 1431, [3] p. vol. 3: Dicionário de Francês-Português (A -F). - [18], 729 p. vol. 4: Dicionário de Francês-Português (G-Z). - [3], 730 a 1487 p
606 _913781
_aObras gerais de referência
_xEnciclopédias, dicionários, léxicos, glossários
675 _a030
_vPT
_zpor
700 _913999
_aAzevedo
_bDomingos de
801 _aPT
_bBMMN
_gRPC
830 _cVanda
990 _cLIVROS